| 000 | 00879nam a22002897a 4500 | ||
|---|---|---|---|
| 003 | CHAP | ||
| 005 | 20220329140340.0 | ||
| 008 | 971013s1964 r 00010 d | ||
| 010 | _a50776 | ||
| 011 | _a51748 | ||
| 035 | _a55898 | ||
| 040 | _cCHAP | ||
| 082 |
_a551.59 _bP5 |
||
| 100 | 0 | 0 |
_aPlata Rodríguez, Eduardo. _989121 |
| 245 | _aElementos de climatología | ||
| 260 |
_aTunja : _bUniv. Pedagógica y Tecnológica de Colombia. Fac. de Agronomía, _c1964 |
||
| 300 | _a44 h. | ||
| 500 | _aMimeógrafo | ||
| 590 |
_aBATCH-UPD _b10 _c20130110 _lUCH01 _h0542 |
||
| 590 |
_aBATCH-UPD _b10 _c20130410 _lUCH01 _h0222 |
||
| 590 |
_aBATCH-UPD _b10 _c20130914 _lUCH01 _h0949 |
||
| 590 |
_aCONVERSION _b10 _c20130109 _lUCH01 _h1328 |
||
| 650 | 1 | 4 |
_aClimatología. _923864 |
| 901 | _aBK | ||
| 942 | _cLIBRO | ||
| 949 |
_a551.59 P5 _bBC _cLIBRO _d33724000461323 _eLIBRO _h7832 _i55898 _mD _si |
||
| 999 |
_c50776 _d50776 |
||